[Event "Palma de Mallorca FIDE GP"]
[Site "Palma de Mallorca"]
[Date "2017.11.22"]
[Round "6"]
[White "Tomashevsky, Evgeny"]
[Black "Radjabov, Teimour"]
[Result "1-0"]
[WhiteElo "2702"]
[BlackElo "2741"]
[Annotator "Moradiabadi,E"]
[PlyCount "115"]
[EventDate "2017.11.16"]
[EventType "swiss"]
[EventRounds "9"]
[EventCountry "ESP"]
[SourceTitle "CBM 182"]
[Source "ChessBase"]
[SourceDate "2018.01.17"]
[SourceVersion "1"]
[SourceVersionDate "2018.01.17"]
[SourceQuality "1"]

{A game between players in the middle of the crosstable could not be so
decisive unless one of them (Radjabov in this case) is trying to win GP points
in order to earn a spot in the Candidates tournament next year. In what seemed
to be a dull encounter, the Russian "professor" (Tomashevsky's nickname based
on an online blitz account!) managed to grind out his small advantage and
convert it into a full point. Now, Radjabov's chances to qualify are
substantially reduced unless he manages to pull off a number of wins in the
coming rounds!} 1. d4 d6 2. e4 Nf6 3. Nc3 g6 4. Nf3 Bg7 5. Be2 {Radjabov opts
for the Pirc Defence!} O-O 6. O-O c6 (6... Nc6 {is a fine playable move which
has actually been played in a game between my two favourite world champions!}
7. d5 (7. h3 {This line is very benign indeed!} e5 8. Be3 Re8 9. Bb5 exd4 10.
Nxd4 Bd7 11. Nxc6 bxc6 12. Bd3 d5 13. exd5 Nxd5 14. Nxd5 cxd5 15. c3 Rb8 16.
Qd2 a5 17. Bg5 Qc8 18. Rfe1 Qb7 19. Rxe8+ Rxe8 20. Bf1 c5 21. Re1 Rxe1 22. Qxe1
h6 23. Bc1 a4 24. Qe7 Qc6 25. Qd8+ Kh7 26. c4 d4 27. b3 Bf5 28. Qe7 axb3 29.
axb3 Be6 30. Qa7 Qd6 31. Bd3 Qe5 32. Bd2 Bf5 33. Bf1 Be6 34. Bd3 Qh5 35. Qa1
Bf5 36. Bf1 Bc2 37. b4 cxb4 38. Bxb4 Be4 39. Qe1 Qf5 40. Bd2 h5 41. f3 Bc6 42.
Qe7 Qc2 43. Bf4 Qf5 44. Qg5 Qe6 45. Bd3 Kg8 46. Qd8+ Kh7 47. Qg5 f5 48. Kh2 Qf6
49. Qg3 Qe7 50. Qf2 Bf6 51. Qc2 h4 52. Qf2 Kg7 53. Bd2 Be5+ 54. Kg1 Qa3 55. Qe2
Qd6 56. Bg5 Bf6 57. Bxf6+ Kxf6 58. Kf1 Qf4 59. Qf2 Ke5 60. Qe1+ Qe3 61. Qa5+
Ke6 62. Qa3 Kf7 63. c5 Kf6 64. Qb3 Kg5 65. Bc2 Kf4 66. Qxe3+ Kxe3 67. Ke1 d3
68. Bb3 d2+ 69. Kd1 Bb5 70. Kc2 f4 71. Kc3 g5 72. Kb4 Be8 73. Ka5 Kf2 {0-1 (73)
Harmon Vellotti,L (2454)-So,W (2808) chess.com INT 2017}) 7... Nb8 8. Re1 e5 9.
dxe6 Bxe6 10. Bf4 h6 11. Nd4 Bd7 12. Qd2 Kh7 13. e5 dxe5 14. Bxe5 Ne4 15. Nxe4
Bxe5 16. Nf3 Bg7 17. Rad1 Qc8 18. Bc4 Be8 19. Neg5+ hxg5 20. Nxg5+ Kg8 21. Qf4
Nd7 22. Rxd7 Bxd7 23. Bxf7+ {1-0 (23) Tal,M (2560)-Petrosian,T (2640) Moscow
1974}) 7. a4 Nbd7 (7... b6 8. h3 Bb7 9. e5 Ne8 10. Bf4 Nd7 11. Re1 c5 12. exd6
Nxd6 13. dxc5 Nxc5 14. Be5 a5 15. Bxg7 Kxg7 16. Qd4+ Kg8 17. Rad1 Qc7 18. Qe5
Rac8 19. Nd4 Rfd8 20. Bf3 Bxf3 21. Nxf3 e6 22. Rd4 Ne8 23. Qxc7 Nxc7 24. Red1
Rxd4 25. Rxd4 Kf8 26. Ne5 Ke7 27. Nc6+ Ke8 28. Nb5 Nxb5 29. axb5 Nb7 30. c4 Nd8
31. Ne5 Rc7 32. f4 f6 33. Ng4 Ke7 34. Nxf6 Kxf6 35. Rxd8 Rxc4 36. Rf8+ Ke7 37.
Rb8 Rxf4 38. Rxb6 Rb4 39. Rb7+ Kd6 40. Rxh7 Rxb2 41. Ra7 Rxb5 42. Ra6+ Kc5 43.
h4 Kb4 44. Rxe6 a4 45. Rxg6 a3 46. Ra6 Ra5 47. Rb6+ Ka4 48. Rb1 a2 49. Ra1 Kb3
50. Kf2 Kb2 51. Rh1 Rc5 {0-1 (51) Horvath,A (2498)-Aronian,L (2795) Germany
2017}) 8. a5 Qc7 9. Be3 e5 10. h3 (10. dxe5 dxe5 11. h3 Rd8 12. Qb1 $1 Nf8 13.
Qa2 Be6 14. Qa3 h6 $13 {is a common tabiya of this line. Tomashevsky has more
tricks up his sleeve to test Radjabov.}) 10... exd4 11. Bxd4 Re8 12. Bc4 Nf8 (
12... Nxe4 $4 13. Nxe4 Rxe4 14. Bxf7+ {and due to the fork on g5 Black is
losing!}) (12... Ne5 13. Nxe5 dxe5 14. Be3 Be6 15. Qe2 Bf8 16. Bxe6 Rxe6 17.
Qc4 {with a slight edge for White but Black is very solid!}) 13. Re1 Be6 14.
Bf1 $1 {An important retreat! Black lacks space and White avoids exchanging
pieces!} N8d7 15. Ng5 a6 16. Qd2 c5 17. Be3 Ne5 18. Bf4 (18. Nxe6 fxe6 19. Bg5
{looks more promising that what Tomashevsky played!}) 18... Rad8 19. Nxe6 fxe6
20. Na4 Nf7 (20... Nh5 {I am not sure this active move is any better!} 21. Bh2
Nc6 22. Rad1 Be5 23. Bxe5 Nxe5 24. Nb6 {with an unpleasant edge for White.})
21. Rad1 Nh5 22. Be3 Nf6 23. Bf4 Qc6 $6 {Maybe Radjabov lost objectivity at
this point. He could repeat and see what Tomashevsky had up his sleeve.} 24.
Nc3 Kh8 25. b3 h6 $6 {A weakening move but obviously Radjabov is trying to get
something out of this position. Yet, his endeavours are only self-destructive
as he ends up having a losing position in only a few moves!} 26. Bd3 g5 27. Bh2
Nd7 28. Ne2 Nfe5 (28... Nde5 29. f4 c4 $1 {would have created a manageable
mess for Black!}) 29. f4 $1 gxf4 30. Nxf4 Bf6 $2 {The black king is now
exposed and his pawn structure is vulnerable. Tomashevsky does not play it
like a machine but his technique is good enough to beat Radjabov today!} 31.
Kh1 (31. Be2 Nf8 32. Nd3 Kh7 33. Rf1 Bg7 34. Nxe5 {with simply a winning
position for White.}) 31... Kh7 32. Rf1 Bg5 33. Qe2 (33. Be2 Nf6 34. Qe1 $1 $18
{is also winning but only easy to evaluate by engines!} Nfd7 35. Bh5 Re7 36. h4
Bf6 37. Qg3 $18) 33... Nf6 34. Nh5 Rf8 35. Bxe5 dxe5 36. Nxf6+ Bxf6 37. Bc4 {
It is true that there exist opposite coloured bishop on the board but given
the fact that the black king is weak and his pawn structure is fully
undermined, White's winning chances are close to decisive.} Qe8 38. Qg4 Rxd1
39. Rxd1 Rg8 {equivalent to resignation.} (39... h5 40. Qxe6 Qxe6 41. Bxe6 Rd8
42. Bd5 h4 {would have put up a much better resistance.}) 40. Qxe6 Qxe6 41.
Bxe6 Rd8 42. Bd5 Kg7 43. g3 Rd7 44. h4 Bd8 45. Ra1 Kf6 46. Kg2 Kg6 47. Kf3 Rg7
48. c3 h5 49. Ra2 Kf6 50. Kg2 Kg6 51. Kf2 Kf6 52. Kf3 Kg6 53. b4 $1 {White is
a pawn up and the pawn on b7 is a fixed target, which Tomashevsky goes after
gradually!} cxb4 54. cxb4 Kh6 55. Rc2 Be7 56. Rb2 Bd8 57. Rb3 {The position
should be objectively lost but there is a long way to resignation, however
Radjabov was either disgusted by the game or simply had got tired and
blundered right away!} b6 $4 58. b5 $1 (58. b5 bxa5 (58... axb5 59. a6 Ra7 60.
Bb7 Be7 61. Rxb5 Bc5 62. g4 $18) 59. b6 $18) 1-0

[Event "Palma de Mallorca FIDE GP"]
[Site "Palma de Mallorca"]
[Date "2017.11.23"]
[Round "7"]
[White "Radjabov, Teimour"]
[Black "Li, Chao B"]
[Result "1-0"]
[WhiteElo "2741"]
[BlackElo "2741"]
[Annotator "Marin,M"]
[PlyCount "105"]
[EventDate "2017.11.16"]
[EventType "swiss"]
[EventRounds "9"]
[EventCountry "ESP"]
[SourceTitle "CBM 182"]
[Source "ChessBase"]
[SourceDate "2018.01.17"]
[SourceVersion "1"]
[SourceVersionDate "2018.01.17"]
[SourceQuality "1"]

1. c4 g6 2. e4 e5 {I have examined this line in the article published with CBM
126. In the early opening phase I shall insert only some newer games, some of
them featuring new ideas not mentioned in the article.} 3. d4 {The critical
test to Black's setup.} ({If} 3. Nf3 Bg7 4. d4 exd4 5. Nxd4 Nf6 6. Nc3 O-O 7.
Be2 Re8 8. f3 c6 {Black simply saves a tempo when carrying the plan of
breaking the centre. Here is a recent example:} 9. Bg5 Qb6 10. Qd2 d5 11. cxd5
Nxe4 12. Nxe4 cxd5 13. Be3 dxe4 14. Nb5 Qf6 15. Nc7 {Things have turned
turbulent, but everything will settle down soon.} Rd8 16. Bg5 Rxd2 17. Bxf6 Rc2
18. Bxg7 Rxc7 19. Bc3 exf3 20. Bxf3 Be6 {Lenderman,A (2618)-So,W (2773) Saint
Louis 2016 (½-½, 72), White's bishop pair offers him compensation just
enough to count on a draw. Black seemed to have chances at some point but it
all ended peacefully.}) 3... Nf6 4. Nf3 exd4 ({In another recent game Black
tried changing the move order:} 4... Bb4+ 5. Nc3 Nxe4 6. Qc2 f5 7. Nxe5 c5 8.
Bd2 Nxd2 9. Qxd2 d6 10. Nd3 Qe7+ 11. Be2 Bxc3 12. bxc3 Nc6 13. O-O O-O {
White has a strong centre and Black's king is exposed. White instructively
exploits the latter circumstance.} 14. Bf3 cxd4 15. cxd4 Nxd4 16. Bd5+ Kh8 17.
Nf4 Qf6 18. Nxg6+ $1 Qxg6 19. Qxd4+ Qg7 20. Qf4 $16 {Jakovenko,D (2704)
-Kokarev,D (2643) Khanty-Mansiysk 2016 (1-0, 39)}) 5. e5 Bb4+ ({Another
possible deviation from the main line is} 5... Ne4 6. Qxd4 Bb4+ 7. Kd1 f5 8.
exf6 Nxf6 9. Bg5 ({This pinning move seems stronger than exchanging bishops
with} 9. Bh6 Bf8 10. Bxf8 Kxf8 11. Nc3 Nc6 12. Qd2 Kg7 13. h3 d6 14. g4 Re8 $13
{Gajewski,G (2634)-Kolosowski,M (2421) Poland 2017 (0-1, 34)}) 9... O-O 10. Qh4
Nc6 11. Kc2 Be7 12. Nc3 d5 $5 13. Rd1 {White is just in time to reach some
sort of safety with his king. The pressure along the d-file and h4-d8 diagonal
combined with the relative weakness of the enemy king leave him on top.} Bf5+
14. Kc1 Ne4 15. cxd5 Nxc3 16. Bc4 Nxa2+ 17. Bxa2 Nb4 18. Bb3 Bxg5+ 19. Nxg5 h5
{Black seems to have consolidated but...} 20. g4 $1 Bxg4 21. Rd4 {Reinderman,D
(2573)-Leenhouts,K (2502) Belgium 2017 (1-0, 29) With a double attck against
Black's minor pieces,}) 6. Bd2 Qe7 7. Bxb4 Qxb4+ 8. Qd2 Qxd2+ 9. Nbxd2 Nh5 10.
Nxd4 Nc6 11. N2f3 $5 $146 {White defends the e5-pawn and keeps the tension in
the centre.} ({The strength of the double pawns structure arising after} 11.
Nxc6 dxc6 {was known long before the Berlin Defence became popular. As in the
Ruy Lopez, the far advanced e-pawn is partly a weakness. In my article I have
examined the following games:} 12. O-O-O Bf5 13. f3 (13. g3 Ng7 14. Bg2 {
Stean,M (2505)-Jansa,V (2475) Smederevska Palanka 1982 MCL [Belov] (1/2-1/2,
47)}) 13... Ng7 {Polugaevsky,L (2635)-Timman,J (2600) Bugojno 1980 (0-1, 39)
with a reasonably stable blockade on the light squares.}) 11... b6 {Apparently
the most reasonable move, aiming to speed up Black's development.} ({If} 11...
a6 {preventing Nb5, White gains a tempo for his development.} 12. O-O-O O-O ({
In the line above, the king usually goes to e7, but without the prior exchange
on c6 this seems premature:} 12... Ke7 13. g3 Ng7 14. Bh3 $14 {The point is
that Black needs to increase the pressure on e5 in order to provoke Nxc6.}) 13.
g3 Re8 14. Nxc6 dxc6 15. Bg2 Bg4 16. Rhe1 Ng7 17. Rd2 Bxf3 18. Bxf3 {With just
some chances for a White advantage.}) 12. Nb5 (12. Nxc6 dxc6 13. O-O-O c5 $11 {
[%cal Gc8b7] is entirely viable for Black.}) 12... Kd8 13. O-O-O Re8 14. g3 a6
({Pawn grabbing yields White the initiative:} 14... Nxe5 15. Nxe5 Rxe5 16. Bg2
Rb8 17. Nxa7 Ke7 18. f4 $36) 15. Nbd4 ({The only move as} 15. Nc3 $2 {loses
the pawn to} Nxe5) 15... Bb7 ({The pawn is taboo now:} 15... Nxe5 $2 16. Nxe5
Rxe5 17. Nc6+) 16. Nxc6+ Bxc6 17. Bh3 $5 {An interesting indirect defence of
the knight.} f5 {In one way or another Black cannot avoid this move so it is
best to play it at once, without commiting himself in any way.} (17... Bxf3 $2
18. Rxd7+ Kc8 19. Rxf7+ Kb7 20. Rxf3 $18) (17... Kc8 18. Rd3 f5 19. Re1 {
offers White some time to consolidate his central pawn.}) 18. Bg2 {Black has
more space but apart from the well defended d7-pawn Black has virtually no
weaknesses. Besides, he has ideas of attacking or simply blocking the e5-pawn.
And since the centre is obviously White's by now, it is clear that he has to
play on the wings. Which Li Chao does, but not on the ing where that was most
needed.} b5 $6 {The threat ...bxc4 is not that bothering, which turns the last
move into a loss of time.} (18... g5 $5 {seems like a better way to keep
chances for equality:} 19. Rhe1 (19. h4 $2 g4 20. Ne1 Bxg2 21. Nxg2 Rxe5 $17)
19... Kc8 20. Re2 Kb7 21. Ne1 Bxg2 22. Nxg2 Re7 {followed by ...Rae8 or ...Rf8,
with normal play for Black.}) 19. Rhe1 $1 {A strong centralizing move, freeing
the knight and ignoring Black's slow queenside plan.} bxc4 (19... g5 {arrives
a bit late already:} 20. Bh1 (20. Nh4 Bxg2 21. Nxg2 $14) 20... h6 21. Nd4 Bxh1
22. Rxh1 $14 Rxe5 $2 23. Nc6+) 20. Nh4 Bxg2 21. Nxg2 Rb8 22. Rd4 {White has
now the initiative along the central files and will most likely retrieve the
pawn.} g5 {Due to the insufficient coordination, this move fails to solve
Black's problems already. Li Chao probably expected f2-f4 soon and hoped to
get a target on f4, or else isolate the e5-pawn frome his collegues with ...
g5-g4, but none of these will not happen.} 23. Red1 $5 {Trying to get the most
out of the initiative.} (23. Rxc4 {was also good, for instance} g4 24. Nh4 Ng7
25. f4 gxf3 26. Nxf3 $14) 23... Rxe5 ({Passive defence with} 23... Re7 {
also comes into consideration:} 24. Ne3 Rb5 (24... Ng7 25. f4 $14) 25. Nxf5 Rf7
26. Nh6 {[%cal Gf2f4]} Rxf2 27. Rxd7+ Kc8 28. Ng4 Rfxb2 29. Rxh7 {The knight
seems to be trapped, but White will not have the time to take it:} Rxa2 30. Rd4
(30. Rxh5 Rbb2 {[%cal Gc4c3] with a decisive counter-attack.}) 30... c3 31. Rc4
Rbb2 32. Rxc3 Re2 33. Rhxc7+ Kd8 {and White has nothing better than} 34. Rc2 {
with a probable draw due to the reduced material.}) 24. Rxd7+ Kc8 25. Rxh7 Nf6
26. Rh8+ (26. Rf7 Rb6 27. Ne3 $14) 26... Kb7 27. Rxb8+ Kxb8 28. Ne3 (28. h4
gxh4 29. gxh4 {is an interesting alternative, apparently spoilig the own
structure but turning the h-pawn into a dagerous runner.}) 28... f4 $6 {
This allows White keeping his structural integrity, making the rest a simple
matter of technique.} (28... c3 $5 {was necesary, for instance:} 29. bxc3 Rc5
30. Kb2 f4 31. gxf4 gxf4 32. Rd8+ Kb7 33. Nd1 Rh5 34. Rd4 Rxh2 35. Rxf4 {
White keeps his extra pawn but with so few pawns on board and imperfect
structure he can never be sure if he would win.}) 29. Nxc4 Re2 30. Rd2 Re1+ 31.
Kc2 Kb7 32. Kd3 Rh1 33. gxf4 gxf4 34. f3 Rf1 35. Ne5 Re1 36. Ng4 Nd5 ({There
is no drawing chance in the rook ending:} 36... Nxg4 37. fxg4 Rg1 38. h3 Rg3+
39. Ke4 f3 40. Kf4 Rg2 (40... Rxh3 41. g5 $18) 41. Ke3 $1 Rg3 42. Rh2 $18) 37.
h4 c5 38. h5 {The pawn is unstoppable already. Despite his good will, Li Chao
will not manage creating a network tight enough against the enemy king.} Nb4+
39. Kc4 Rc1+ 40. Kb3 Nc6 41. h6 Nd4+ 42. Ka3 Nxf3 43. h7 Nxd2 44. h8=Q Nc4+ 45.
Ka4 Nb6+ 46. Kb3 a5 47. Qf6 a4+ 48. Ka3 Ka6 49. Qxf4 Nc4+ 50. Kxa4 Nxb2+ 51.
Kb3 Nd3 52. Qd6+ Kb5 53. a4+ 1-0